Statistics for Tallest things Quiz

Click here to take the quiz!

General Stats

  • This quiz has been taken 19 times
  • The average score is 5 of 10

Answer Stats

Subject Answer % Correct
MountainEverest
100%
Land AnimalGiraffe
89%
WaterfallAngel Falls
79%
BuildingBurj Khalifa
68%
TreesRedwood
68%
Country *Chile
63%
US state *Alaska
63%
Road BridgeMillau Viaduct
5%
ChurchUlm Minster
5%
Residential Building432 Park Avenue
0%

Score Distribution

Percentile by Number Answered

Percent of People with Each Score

Your Score History

You have not taken this quiz